Click Regiones de Poniente (GOT) - Estadísticas

Estadísticas generales
  • Esta prueba ha sido intentada 45 veces
  • La puntuación promedio es 7 de 175
Respuestas en el mapa
Las respuestas están codificadas por una escala verde-roja en el mapa de la prueba según el % correcto abajo.
 
Estadísticas de respuestas
Respuesta % Correcto
Invernalia
55%
Aguasdulces
36%
Antigua
36%
Isla del Oso
36%
Más Allá del Muro
36%
Rocadragón
36%
El Cuello
27%
El Rejo
27%
Harrenhal
27%
Agasajo de Brandon
18%
Altojardín
18%
Árbol de los Cuervos
18%
Bastión de Tormentas
18%
Bosque Real
18%
Desembarco del Rey
18%
Isla de Tarth
18%
Lannisport
18%
Marcaderiva
18%
Montañas de la Luna
18%
Acantilado de Sal
9%
Aguasclaras
9%
Aguasmil
9%
Aldea de Lord Harroway
9%
Appleton
9%
Arcolargo
9%
Atalaya de la Viuda
9%
Bandallon
9%
Bastión Kar
9%
Colina Fantasma
9%
Fuerte Terror
9%
Isla Bella
9%
Isla de los Rostros
9%
Isla Estermont
9%
Lanza del Sol
9%
Montañas Norteñas
9%
Tres Hermanas
9%
Último Hogar
9%
Varamar
9%
Arco Ancho
0%
Asperón
0%
Astas
0%
Atranta
0%
Ballarroca
0%
Bondadivina
0%
Bosquealto
0%
Bosque de la Serpiente
0%
Bosquepinto
0%
Bosquespeso
0%
Bosqueumbrío
0%
Buenavista
0%
Camino Pedregoso
0%
Campoestrella
0%
Castillo Cerwyn
0%
Castillo Madera
0%
Castillo Viejo
0%
Ciudadela de Torrhen
0%
Colina C​uerno
0%
Colmillo Dorado
0%
Comezón de Aguasfrías
0%
Corona Negra
0%
Costa del Ojo de Dioses
0%
Costa Salada
0%
Cuernomartillo
0%
Cuevahonda
0%
Darkdell
0%
Darry
0%
Dedo de Pedernal
0%
Deepdown
0%
Descanso del Caminante
0%
Diez Torres
0%
Dominio del Cielo
0%
Driftwood Hall
0%
Dunas Rojas
0%
El Cruze
0%
El Risco
0%
Escudo del Sur
0%
Escudo de Roble
0%
Escudo Gris
0%
Escudo Verde
0%
Fawnton
0%
Forca Roja
0%
Fortaleza Clegane
0%
Fosafría
0%
Fuerte Desolación
0%
Fuerte Pardo
0%
Fuerterrojo
0%
Fuerte Túmulo
0%
Gallowsgrey
0%
Granmesa
0%
Gran Wyk
0%
Guijarra
0%
Hammerhal
0%
Harlaw
0%
Hayford
0%
Hogar
0%
Holyhall
0%
Hornwood
0%
Isla Zarpa
0%
Ivy Hall
0%
Kayce
0%
Kinghouse
0%
Ladera
0%
Lago Rojo
0%
Las Hogueras
0%
La Sidra
0%
Limonar
0%
Los Dedos
0%
Los Pergaminos
0%
Los Riachuelos
0%
Los Senos
0%
Maizal
0%
Marcaceniza
0%
Marea Negra
0%
Montenegro
0%
Monteorca
0%
Nido de Cuervos
0%
Nido del Grifo
0%
Nocturnia
0%
Nuevestrellas
0%
Nuevo Barril
0%
Palosanto
0%
Pazo Pajar
0%
Picaestrella
0%
Piedra de las Runas
0%
Piedra Quebrada
0%
Poza de la Doncella
0%
Pradal
0%
Princesa Rosada
0%
Puenteamargo
0%
Puertabronce
0%
Puerta de Carnero
0%
Puerto Blanco
0%
Puerto Gaviota
0%
Puerto Gaviota del Norte
0%
Punta Aguda
0%
Pyke
0%
Rapsodia
0%
Refugio del Girasol
0%
Refugio de Plata
0%
Refugio Negro
0%
Refugio Quebrado
0%
Reposo del Grajo
0%
Ring
0%
Rio Primavera
0%
Roble de Hierro
0%
Roble Viejo
0%
Rocagris
0%
Rosby
0%
Salinas
0%
Salón del Viento
0%
Sarsfield
0%
Septo de Piedra
0%
Sepulcro del Rey
0%
Serbaledo
0%
Seto de Piedra
0%
Smithyton
0%
Sotodeoro
0%
Sotoinferno
0%
Sotomiel
0%
Stokeworth
0%
Tierras Altas
0%
Tiesa
0%
Tor
0%
Torreón Bellota
0%
Torreón Cosecha
0%
Tres Torres
0%
Vado Ceniza
0%
Valdecuerno
0%
Valdehierba
0%
Valle Oscuro
0%
Vallepardo
0%
Varadero Viejo
0%
Viejo Wyk
0%
Villallorosa
0%
Yelmo de Piedra
0%
No se encontraron pruebas coincidentes
Distribución de puntuación
Porcentaje de gente con cada puntuación
Porcentaje por número respondido
Historial de tus puntuaciones
No has intentado esta prueba.